000 00489nam a2200181Ia 4500
001 13424
005 20260306164800.0
008 260306t2011||||xx |||||||||||||| ||spa||
041 _aESP
082 _a004.04
_bT26
100 _aTavani, Herman T.
_eAUT
245 0 _aEthics and technology:
_bcontroversies, questions, and strategies for ethical computing
260 _c2011
300 _axxvi, 406 páginas : : ill.
_c
650 _aGEN
654 _aCCC
942 _cLIB
_dJUS
_fJUS
_2ddc
_n
999 _c13424
_d13424